| 000 | 00364nam a22001457a 4500 | ||
|---|---|---|---|
| 020 | _qPB. | ||
| 040 | _cFIZZA ISHAQ | ||
| 082 |
_a690 _bFRA |
||
| 100 |
_aCHING, D. K. FRANCIS. _990455 |
||
| 245 |
_aBUILDING CONSTRUCTION ILLUSTRATED / _cFRANCIS D. K. CHING. |
||
| 250 | _a5th ED. | ||
| 260 |
_bJOHN WILEY & SON, _c2014. |
||
| 300 | _a480 P. ; | ||
| 942 |
_2ddc _cBK |
||
| 999 |
_c588668 _d588668 |
||